<?xml version="1.0" encoding="UTF-8"?>
<record
    xmlns:xsi="http://www.w3.org/2001/XMLSchema-instance"
    xsi:schemaLocation="http://www.loc.gov/MARC21/slim http://www.loc.gov/standards/marcxml/schema/MARC21slim.xsd"
    xmlns="http://www.loc.gov/MARC21/slim">

  <leader>00583nam a22001817a 4500</leader>
  <datafield tag="999" ind1=" " ind2=" ">
    <subfield code="c">8508</subfield>
    <subfield code="d">8508</subfield>
  </datafield>
  <controlfield tag="003">OSt</controlfield>
  <controlfield tag="005">20220804115048.0</controlfield>
  <controlfield tag="008">220802b           ||||| |||| 00| 0 eng d</controlfield>
  <datafield tag="020" ind1=" " ind2=" ">
    <subfield code="a">9781633690707</subfield>
  </datafield>
  <datafield tag="040" ind1=" " ind2=" ">
    <subfield code="a">DDC</subfield>
    <subfield code="b">ENG.</subfield>
    <subfield code="c">GU</subfield>
    <subfield code="d">TSOD</subfield>
  </datafield>
  <datafield tag="082" ind1=" " ind2=" ">
    <subfield code="2">23ed</subfield>
    <subfield code="a">658.452 BER</subfield>
  </datafield>
  <datafield tag="245" ind1=" " ind2=" ">
    <subfield code="a">Good Charts/</subfield>
    <subfield code="c">Scott Berinato</subfield>
  </datafield>
  <datafield tag="260" ind1=" " ind2=" ">
    <subfield code="a">USA:</subfield>
    <subfield code="b">Harvard Business Review Press ,</subfield>
    <subfield code="c"> c 2016</subfield>
  </datafield>
  <datafield tag="300" ind1=" " ind2=" ">
    <subfield code="a">viii,253p.;</subfield>
    <subfield code="b">col.ills.:</subfield>
    <subfield code="c">19cm</subfield>
  </datafield>
  <datafield tag="500" ind1=" " ind2=" ">
    <subfield code="a">Includes bibliographical references and index</subfield>
  </datafield>
  <datafield tag="600" ind1=" " ind2=" ">
    <subfield code="v">Visual communication</subfield>
    <subfield code="x">Business presentations</subfield>
    <subfield code="z">Communication in management</subfield>
  </datafield>
  <datafield tag="942" ind1=" " ind2=" ">
    <subfield code="2">ddc</subfield>
    <subfield code="c">BOOK</subfield>
  </datafield>
  <datafield tag="952" ind1=" " ind2=" ">
    <subfield code="0">0</subfield>
    <subfield code="1">0</subfield>
    <subfield code="2">ddc</subfield>
    <subfield code="4">0</subfield>
    <subfield code="7">0</subfield>
    <subfield code="a">GU-MLW</subfield>
    <subfield code="b">GU-MLW</subfield>
    <subfield code="c">GEN</subfield>
    <subfield code="d">2022-08-02</subfield>
    <subfield code="e">Donation (UNSW)</subfield>
    <subfield code="i"> 0040609</subfield>
    <subfield code="l">0</subfield>
    <subfield code="o">658.452 BER</subfield>
    <subfield code="p">GU-MLW22080014</subfield>
    <subfield code="r">2022-08-02 00:00:00</subfield>
    <subfield code="w">2022-08-02</subfield>
    <subfield code="y">BOOK</subfield>
  </datafield>
</record>
